Statistiques concernant They Shoot Pictures, Don't They? - films 921 à 940

Cliquez ici pour prendre le quiz!

Statistiques générales

  • Ce quiz a été pris 21 fois
  • Le résultat moyen est 4 sur 20

Statistiques - réponses

Réponse% Correct
Le Dernier Empereur
72%
L'Inspecteur Harry
72%
Le Quai des brumes
61%
Y a-t-il un pilote dans l'avion ?
61%
Sur la route de Madison
56%
Morse
33%
Mon oncle d'Amérique
17%
Khroustaliov, ma voiture !
11%
Duel au soleil
6%
La Chienne
6%
La Dernière Piste
6%
Le Pauvre Amour
6%
Le Rebelle
6%
Mother India
6%
Amour de perdition
0%
La Nuit des forains
0%
Le Démon des armes
0%
Les Longs Adieux
0%
Pasqualino
0%
Perfumed Nightmare
0%

Distribution des résultats

Percentile par nombre de réponses

% des personnes avec chaque résultat

Votre développement - résultats

Vous n’avez pas pris ce quiz